UBT Library

Surgery for Asquired Aortic Valve Disease (Record no. 60888)

000 -LEADER
fixed length control field 00333nam a22001337a 4500
008 - FIXED-LENGTH DATA ELEMENTS--GENERAL INFORMATION
fixed length control field 260312b ||||| |||| 00| 0 eng d
020 ## - INTERNATIONAL STANDARD BOOK NUMBER
International Standard Book Number 9781899066520
041 ## - LANGUAGE CODE
Language code of text/sound track or separate title eng
080 ## - UNIVERSAL DECIMAL CLASSIFICATION NUMBER
Universal Decimal Classification number 2.1
100 ## - Rafti
Rafti 02
101 ## - Shkurtesa
Shkurtesa mek
245 ## - TITLE STATEMENT
Title Surgery for Asquired Aortic Valve Disease
Statement of responsibility, etc Armand Piwnica , Stephen Westaby
942 ## - ADDED ENTRY ELEMENTS (KOHA)
Source of classification or shelving scheme
Item type Books
Holdings
Withdrawn status Lost status Source of classification or shelving scheme Damaged status Not for loan Collection code Permanent location Current location Date acquired Total Checkouts Barcode Date last seen Price effective from Koha item type
          Koleksioni i përgjithshem UBT - Lipjan UBT - Lipjan 03/12/2026   003-800070999157 03/12/2026 03/12/2026 Books
UBT Library © 2015-2024. All rights reserved University Education for Business and Technology